000 00742nas a2200265 4500
001 BR9202271
003 BR-BrBNA
005 20231205092456.0
007 ta
008 230509b bl.|||p| |||| 00| 00por d
040 _aBR-BrBNA
_bpor
_cBiblioteca Nacional de Agricultura
041 _a(Pt)
072 _aH20
100 1 _aBleicher, J.
245 1 _aPodridao de raiz; a roseliniose e doenca de dificil controle
650 _aMACA
650 _aDOENCA DE PLANTA
650 _aPODRIDAO DA RAIZ
650 _aROSELINIOSE
650 _aFUNGO
650 _aERRADICACAO
773 0 _tToda Fruta (Brazil)
_xISSN 0102-7166
_g(May 1990), v. 5(44) p. 29-30
_wBR9202271
909 _a202311
_bLúcia
_c55
_dLúcia Elande
942 _2AGRIS
_n0
_cANA
999 _c131978
_d131978